00704nam a2200157 a 450000100100000000500170001000800410002704000250006811001050009324500880019825000120028626001060029830000200040495201050042499900170052900003827820250607073643.0130408s1996 dr 000 0 spa d aDO-SdBNPbspacBNPHU1 aRepública Dominicana. b Secretaria de Estado de Salud Pública y Asistencia Social (2001)95654910aley 55-93 sobre el SIDA, análisis, comentarios y reglamento para su aplicación. a2a. ed. aSanto Domingo :bPrograma de Control de Enfermedades de Transmisión Sexual y SIDA (PROCETS),c1996. a97 p. ;c22 cm. 0010718PDaPDbPDcCTd2013-04-08iLF1l0o p38278-10r2020-06-25w2020-06-25yLFPDZNo se presta c37768d37768